[Event "SLO-chT2 West"]
[Site "Komenda"]
[Date "2021.12.04"]
[Round "6.3"]
[White "Raspor, Gregor"]
[Black "Pavlin, Ivan"]
[Result "1-0"]
[WhiteElo "2011"]
[BlackElo "1821"]
[PlyCount "63"]
[EventDate "2021.11.27"]
[EventType "team-tourn"]
[EventRounds "7"]
[EventCountry "SLO"]
[SourceTitle "EXT 2024"]
[Source "ChessBase"]
[SourceDate "2023.10.10"]
[SourceVersion "1"]
[SourceVersionDate "2023.10.10"]
[SourceQuality "1"]
[WhiteTeam "Ilirska Bistrica Rinex"]
[BlackTeam "Jesenice Acroni"]
[WhiteTeamCountry "SLO"]
[BlackTeamCountry "SLO"]

1. d4 d5 2. c4 e6 3. Nc3 Nf6 4. cxd5 exd5 5. Bg5 Be7 6. e3 h6 7. Bh4 0-0 8. Bd3 b6 9. Nf3 Bb7 10. 0-0 c5 11. Rc1 c4 12. Bb1 Nbd7 13. b3 cxb3 14. Qxb3 Re8 15. Rfd1 a6 16. a4 Rc8 17. Bd3 Bd6 18. Bf5 g5 19. Bg3 Bxg3 20. hxg3 Rb8 21. Bxd7 Qxd7 22. Qxb6 Kg7 23. Ne5 Qe6 24. Qxe6 fxe6 25. Rb1 Ba8 26. a5 Rec8 27. Na4 Rxb1 28. Rxb1 Ne4 29. Nb6 Rd8 30. Rc1 Re8 31. Rc7+ Kg8 32. Ra7 1-0

[Event "SLO-chT2 West"]
[Site "Ljubljana"]
[Date "2014.11.08"]
[Round "7.3"]
[White "Raspor, Gregor"]
[Black "Pucelj, Joze"]
[Result "1/2-1/2"]
[WhiteElo "2068"]
[BlackElo "2099"]
[PlyCount "38"]
[EventDate "2014.10.17"]
[EventType "team-tourn"]
[EventRounds "9"]
[EventCountry "SLO"]
[SourceTitle "EXT 2019"]
[Source "ChessBase"]
[SourceDate "2018.10.10"]
[SourceVersion "1"]
[SourceVersionDate "2018.10.10"]
[SourceQuality "1"]
[WhiteTeam "Posocje"]
[BlackTeam "Dolenjske Toplice"]
[WhiteTeamCountry "SLO"]
[BlackTeamCountry "SLO"]

1. d4 Nf6 2. c4 c5 3. d5 e6 4. Nc3 exd5 5. cxd5 d6 6. e4 g6 7. Nf3 Bg7 8. Be2 0-0 9. 0-0 a6 10. a4 Nbd7 11. Bf4 Qe7 12. Nd2 Rb8 13. a5 Ne5 14. h3 Ne8 15. Bh2 g5 16. f4 Ng6 17. fxg5 Qxg5 18. Nf3 Qe3+ 19. Kh1 Bxc3 1/2-1/2

[Event "SLO-chT2 West"]
[Site "Ljubljana"]
[Date "2014.10.19"]
[Round "5.3"]
[White "Raspor, Gregor"]
[Black "Grein, Bogomir"]
[Result "1/2-1/2"]
[WhiteElo "2068"]
[BlackElo "1778"]
[PlyCount "99"]
[EventDate "2014.10.17"]
[EventType "team-tourn"]
[EventRounds "9"]
[EventCountry "SLO"]
[SourceTitle "EXT 2019"]
[Source "ChessBase"]
[SourceDate "2018.10.10"]
[SourceVersion "1"]
[SourceVersionDate "2018.10.10"]
[SourceQuality "1"]
[WhiteTeam "Posocje"]
[BlackTeam "Piran"]
[WhiteTeamCountry "SLO"]
[BlackTeamCountry "SLO"]

1. d4 d6 2. Nf3 c6 3. c4 Qc7 4. g3 Bg4 5. Bg2 Nd7 6. Nc3 e5 7. 0-0 Be7 8. e4 Ngf6 9. Be3 Rb8 10. Rc1 0-0 11. Qd2 b6 12. Ne1 Ne8 13. h3 Bh5 14. b3 Bg6 15. Nd3 Rd8 16. Nb4 Nb8 17. Nd3 Bf6 18. Ne1 Be7 19. Qe2 h6 20. Rb1 Nf6 21. b4 d5 22. cxd5 exd4 23. Bxd4 cxd5 24. e5 Ne4 25. Nxe4 dxe4 26. Rd1 Nc6 27. Nc2 Nxd4 28. Nxd4 Bxb4 29. Rc1 Qb7 30. Nc6 Bc5 31. Nxd8 Rxd8 32. Rfe1 Bb4 33. Red1 Re8 34. Qb2 Qe7 35. Rc4 Ba3 36. Qc3 Bc5 37. Bxe4 Qxe5 38. Bxg6 fxg6 39. Rd8 Qe7 40. Rxe8+ Qxe8 41. Rf4 Qe7 42. Qc4+ Kh7 43. Re4 Qf8 44. Qe2 Qf5 45. h4 Bxf2+ 46. Kg2 Bc5 47. Rf4 Qd5+ 48. Kh2 h5 49. Re4 Qf7 50. Rf4 1/2-1/2

[Event "SLO-chT2 West"]
[Site "Ljubljana"]
[Date "2013.11.17"]
[Round "9.2"]
[White "Raspor, Gregor"]
[Black "Cirkvencic, Franci"]
[Result "1/2-1/2"]
[WhiteElo "2075"]
[BlackElo "2148"]
[PlyCount "70"]
[EventDate "2013.11.08"]
[EventType "team"]
[EventRounds "9"]
[EventCountry "SLO"]
[SourceTitle "EXT 2015"]
[Source "ChessBase"]
[SourceDate "2014.11.20"]
[SourceVersion "1"]
[SourceVersionDate "2014.11.20"]
[SourceQuality "1"]
[WhiteTeam "Hidria Tolmin"]
[BlackTeam "Stari Mayr Kranj"]
[WhiteTeamCountry "SLO"]
[BlackTeamCountry "SLO"]

1. e4 d6 2. d4 Nf6 3. Nc3 e5 4. Nf3 Nbd7 5. h3 c6 6. a4 Be7 7. Bc4 0-0 8. 0-0 a5 9. Be3 Qc7 10. Qe2 exd4 11. Nxd4 Nc5 12. Bf4 Qb6 13. Nb3 Nxb3 14. Bxb3 Ne8 15. Qd3 Be6 16. Be3 Qc7 17. Ne2 Bxb3 18. Qxb3 Nf6 19. Nc3 Rfe8 20. Rfe1 Bf8 21. Bd4 Re6 22. Re3 Nd7 23. Rd3 Rae8 24. Rd2 d5 25. f3 Nc5 26. Qa2 Qf4 27. Rad1 Bd6 28. e5 Bxe5 29. Bxe5 Rxe5 30. Qa1 h5 31. Qc1 Nxa4 32. Nxa4 Qxa4 33. Rd3 Qh4 34. Rf1 Re1 35. Rd1 R1e2 1/2-1/2

[Event "SLO-chT2 West"]
[Site "Ljubljana"]
[Date "2013.11.09"]
[Round "2.2"]
[White "Raspor, Gregor"]
[Black "Hasanagic, Anel"]
[Result "1/2-1/2"]
[WhiteElo "2075"]
[BlackElo "2137"]
[PlyCount "60"]
[EventDate "2013.11.08"]
[EventType "team"]
[EventRounds "9"]
[EventCountry "SLO"]
[SourceTitle "EXT 2015"]
[Source "ChessBase"]
[SourceDate "2014.11.20"]
[SourceVersion "1"]
[SourceVersionDate "2014.11.20"]
[SourceQuality "1"]
[WhiteTeam "Hidria Tolmin"]
[BlackTeam "Jesenice"]
[WhiteTeamCountry "SLO"]
[BlackTeamCountry "SLO"]

1. d4 f5 2. g3 Nf6 3. Bg2 g6 4. Nf3 Bg7 5. 0-0 0-0 6. b3 d6 7. Bb2 c6 8. c4 Na6 9. Nc3 Qe8 10. d5 Bd7 11. Rb1 Nc7 12. Qd2 Rc8 13. Rfe1 cxd5 14. cxd5 b5 15. a3 a5 16. b4 axb4 17. axb4 Na6 18. Ba3 f4 19. Rb3 fxg3 20. hxg3 Ng4 21. e4 Rc4 22. Nd1 Qc8 23. Re2 Qc7 24. Bb2 Bh6 25. Qe1 Bc1 26. Rc3 Bxb2 27. Rxb2 Rxc3 28. Qxc3 Qxc3 29. Nxc3 Rc8 30. Na2 Ne5 1/2-1/2

[Event "SLO-chT2 West"]
[Site "Postojna"]
[Date "2009.10.24"]
[Round "2.2"]
[White "Raspor, Gregor"]
[Black "Loviscek, Matjaz"]
[Result "1/2-1/2"]
[WhiteElo "2099"]
[BlackElo "2028"]
[PlyCount "61"]
[EventDate "2009.10.23"]
[EventType "team-tourn"]
[EventRounds "9"]
[EventCountry "SLO"]
[SourceTitle "EXT 2010"]
[Source "ChessBase"]
[SourceDate "2010.11.25"]
[SourceVersion "1"]
[SourceVersionDate "2010.11.25"]
[SourceQuality "1"]
[WhiteTeam "Tolmin Hidria"]
[BlackTeam "Nova Gorica"]
[WhiteTeamCountry "SLO"]
[BlackTeamCountry "SLO"]

1. d4 Nf6 2. c4 e6 3. Nc3 Bb4 4. e3 0-0 5. Bd3 c5 6. Nf3 d5 7. 0-0 dxc4 8. Bxc4 Nc6 9. a3 Bxc3 10. bxc3 Qc7 11. Bb2 e5 12. h3 Rd8 13. Qe2 Bf5 14. Ba2 Rac8 15. d5 e4 16. Nh4 Ne7 17. Nxf5 Nxf5 18. c4 Qe7 19. Rfe1 Nd6 20. f4 Nd7 21. g4 f6 22. h4 a6 23. a4 b6 24. g5 f5 25. Kf2 Rb8 26. h5 Rb7 27. Qc2 Kf8 28. Rh1 Rdb8 29. h6 g6 30. Qc3 Qf7 31. Rab1 1/2-1/2

[Event "SLO-chT1 West"]
[Site "Otocec"]
[Date "2006.11.25"]
[Round "8"]
[White "Raspor, Gregor"]
[Black "Bratko, Ivan"]
[Result "0-1"]
[WhiteElo "2155"]
[BlackElo "2242"]
[PlyCount "66"]
[EventDate "2006.11.16"]
[EventType "team"]
[EventRounds "9"]
[EventCountry "SLO"]
[SourceTitle "EXT 2008"]
[Source "ChessBase"]
[SourceDate "2007.11.25"]
[SourceVersion "1"]
[SourceVersionDate "2007.11.25"]
[SourceQuality "1"]

1. d4 Nf6 2. c4 g6 3. Nf3 Bg7 4. g3 0-0 5. Bg2 d6 6. 0-0 Nbd7 7. Nc3 e5 8. e4 c6 9. b3 Qb6 10. d5 cxd5 11. cxd5 Nc5 12. Nd2 Bg4 13. Qc2 Rfc8 14. Nc4 Qa6 15. a4 Nxb3 16. Qxb3 Qxc4 17. Qxc4 Rxc4 18. Nb5 Ne8 19. a5 Rc5 20. Nxa7 Rxa7 21. Be3 Be2 22. Bxc5 dxc5 23. Rfc1 c4 24. Bf1 Bxf1 25. Kxf1 Nd6 26. f3 Bh6 27. Rcb1 Be3 28. Ke2 Bd4 29. Ra2 Ra6 30. Kd2 b6 31. Kc2 Kf8 32. Re1 bxa5 33. Rb1 a4 0-1

[Event "SLO-chT1 West"]
[Site "Otocec"]
[Date "2006.11.16"]
[Round "1"]
[White "Raspor, Gregor"]
[Black "Kodric, Martin"]
[Result "0-1"]
[WhiteElo "2155"]
[BlackElo "2278"]
[PlyCount "76"]
[EventDate "2006.11.16"]
[EventType "team"]
[EventRounds "9"]
[EventCountry "SLO"]
[SourceTitle "EXT 2008"]
[Source "ChessBase"]
[SourceDate "2007.11.25"]
[SourceVersion "1"]
[SourceVersionDate "2007.11.25"]
[SourceQuality "1"]

1. d4 e6 2. c4 Bb4+ 3. Bd2 a5 4. e4 Ne7 5. Bd3 d5 6. cxd5 exd5 7. e5 Nbc6 8. Ne2 Bg4 9. f3 Bf5 10. Bc3 Qd7 11. 0-0 0-0 12. a3 Bxc3 13. bxc3 Bxd3 14. Qxd3 Qf5 15. Qe3 Qg6 16. Ng3 Rae8 17. f4 Nf5 18. Nxf5 Qxf5 19. Nd2 f6 20. Rae1 Qd7 21. e6 Qd6 22. f5 Qxa3 23. g4 b5 24. Ra1 Qd6 25. Rfb1 Rb8 26. Nb3 b4 27. Nc5 bxc3 28. Nd7 Rb2 29. Rxb2 cxb2 30. Rb1 Re8 31. Qf2 a4 32. Rxb2 a3 33. Rd2 Qb4 34. g5 Nxd4 35. Ra2 Qb1+ 36. Kg2 Qe4+ 37. Kh3 fxg5 38. Rxa3 g4+ 0-1

[Event "SLO-chT"]
[Site "Bled"]
[Date "2005.11.12"]
[Round "7"]
[White "Raspor, Gregor"]
[Black "Kastelic, Marian"]
[Result "1-0"]
[WhiteElo "2156"]
[BlackElo "2315"]
[PlyCount "57"]
[EventDate "2005.11.03"]
[EventType "team"]
[EventRounds "9"]
[EventCountry "SLO"]
[SourceTitle "CBM 109 Extra"]
[Source "ChessBase"]
[SourceDate "2006.01.03"]
[SourceVersion "2"]
[SourceVersionDate "2006.01.03"]
[SourceQuality "1"]

1. d4 Nf6 2. c4 g6 3. Nf3 Bg7 4. g3 c5 5. Nc3 0-0 6. Bg2 Nc6 7. d5 Na5 8. Nd2 d6 9. 0-0 e5 10. b3 Ne8 11. e4 f5 12. exf5 gxf5 13. Bb2 Nf6 14. Qc2 b6 15. Rae1 Nb7 16. f4 e4 17. Nd1 Bd7 18. Ne3 Qe8 19. g4 fxg4 20. Nxe4 Nxe4 21. Bxg7 Kxg7 22. Bxe4 h5 23. Bf5 Qf7 24. Be6 Bxe6 25. dxe6 Qxe6 26. Nd5 Qg6 27. f5 Qg5 28. Re6 Kf7 29. Re7+ 1-0

[Event "SLO-chT"]
[Site "Bled"]
[Date "2005.11.05"]
[Round "3"]
[White "Kodric, Martin"]
[Black "Raspor, Gregor"]
[Result "1-0"]
[WhiteElo "2265"]
[BlackElo "2156"]
[PlyCount "73"]
[EventDate "2005.11.03"]
[EventType "team"]
[EventRounds "9"]
[EventCountry "SLO"]
[SourceTitle "CBM 109 Extra"]
[Source "ChessBase"]
[SourceDate "2006.01.03"]
[SourceVersion "2"]
[SourceVersionDate "2006.01.03"]
[SourceQuality "1"]

1. e4 c6 2. Nc3 d5 3. Nf3 Bg4 4. h3 Bxf3 5. Qxf3 e6 6. a3 g6 7. d3 Bg7 8. Be2 Nd7 9. 0-0 Ne7 10. Qg3 0-0 11. Qh4 f5 12. Bh6 Bxh6 13. Qxh6 Qc7 14. exd5 exd5 15. Rfe1 Rae8 16. Qh4 Nf6 17. Bf3 Kf7 18. b4 Nc8 19. Qd4 Rxe1+ 20. Rxe1 Re8 21. Rxe8 Nxe8 22. Ne2 Qe7 23. Qh8 Ke6 24. c4 dxc4 25. dxc4 Kd7 26. b5 cxb5 27. cxb5 Ned6 28. Qd4 Kc7 29. Nc3 Qe6 30. Nd5+ Kd8 31. a4 h5 32. Nf4 Qf7 33. Bd5 Qe8 34. Bxb7 Kc7 35. Bd5 g5 36. Ne6+ Kb8 37. Nc5 1-0

[Event "SLO-chT"]
[Site "Bled"]
[Date "2005.11.04"]
[Round "2"]
[White "Raspor, Gregor"]
[Black "Kersic, Matej"]
[Result "0-1"]
[WhiteElo "2156"]
[BlackElo "2119"]
[PlyCount "78"]
[EventDate "2005.11.03"]
[EventType "team"]
[EventRounds "9"]
[EventCountry "SLO"]
[SourceTitle "CBM 109 Extra"]
[Source "ChessBase"]
[SourceDate "2006.01.03"]
[SourceVersion "2"]
[SourceVersionDate "2006.01.03"]
[SourceQuality "1"]

1. d4 d5 2. c4 c6 3. Nf3 Nf6 4. Nc3 dxc4 5. a4 Bf5 6. Ne5 e6 7. f3 Nbd7 8. e4 Bg6 9. Nxg6 hxg6 10. Bxc4 Qc7 11. f4 0-0-0 12. 0-0 e5 13. d5 Nb6 14. Bb3 cxd5 15. exd5 Nbxd5 16. Nxd5 Nxd5 17. Bxd5 Qc5+ 18. Kh1 Qxd5 19. Qxd5 Rxd5 20. fxe5 Bc5 21. Bf4 f6 22. e6 g5 23. Bg3 Kd8 24. Rad1 Rxd1 25. Rxd1+ Ke7 26. Rd7+ Kxe6 27. Rxb7 Rd8 28. h4 gxh4 29. Bxh4 Rh8 30. g3 g5 31. b4 Bd4 32. Kg2 gxh4 33. gxh4 Rxh4 34. b5 Bb6 35. a5 Bxa5 36. Rxa7 Bc3 37. Ra3 Be5 38. Rb3 Rh2+ 39. Kg1 Rb2 0-1

[Event "SLO-chT2 West"]
[Site "Kranj"]
[Date "2004.10.16"]
[Round "2.2"]
[White "Bulatovic, Milorad"]
[Black "Raspor, Gregor"]
[Result "1-0"]
[WhiteElo "2068"]
[BlackElo "2156"]
[PlyCount "69"]
[EventDate "2004.10.15"]
[EventType "team"]
[EventRounds "3"]
[EventCountry "SLO"]
[SourceTitle "EXT 2009"]
[Source "ChessBase"]
[SourceDate "2008.11.26"]
[SourceVersion "1"]
[SourceVersionDate "2008.11.26"]
[SourceQuality "1"]

1. d4 Nf6 2. c4 e6 3. Nc3 Bb4 4. Qc2 0-0 5. e3 b6 6. a3 Bxc3+ 7. Qxc3 Bb7 8. f3 c5 9. b4 cxd4 10. exd4 d5 11. c5 bxc5 12. bxc5 Nc6 13. Bd3 e5 14. Ne2 e4 15. Bb5 Nh5 16. 0-0 f5 17. Nf4 Nxf4 18. Bxf4 Ne7 19. Bd6 Rc8 20. Qd2 Rf6 21. Rab1 Bc6 22. Ba6 Ra8 23. fxe4 dxe4 24. Bb7 Bxb7 25. Rxb7 Ng6 26. g3 Qe8 27. Rfb1 Nf8 28. Be5 Rg6 29. Qa2+ Qe6 30. Qxe6+ Nxe6 31. c6 Nd8 32. d5 Nxc6 33. dxc6 Rxc6 34. Rxg7+ Kf8 35. Rxh7 1-0

[Event "Ljubljana op 15th"]
[Site "Ljubljana"]
[Date "2004.07.12"]
[Round "4"]
[White "Raspor, Gregor"]
[Black "Kozul, Zdenko"]
[Result "0-1"]
[WhiteElo "2155"]
[BlackElo "2630"]
[PlyCount "44"]
[EventDate "2004.07.10"]
[EventType "swiss"]
[EventRounds "9"]
[EventCountry "SLO"]
[SourceTitle "CBM 101 Extra"]
[Source "ChessBase"]
[SourceDate "2004.09.01"]
[SourceVersion "2"]
[SourceVersionDate "2004.09.01"]
[SourceQuality "1"]

1. d4 g6 2. Nf3 Bg7 3. g3 d5 4. c4 dxc4 5. Bg2 c6 6. a4 Bg4 7. Nbd2 Na6 8. a5 Bxd4 9. Nxd4 Qxd4 10. Ra4 Nf6 11. Rxc4 Qd7 12. Qa4 Bh3 13. Bxh3 Qxh3 14. Rxc6 0-0 15. Rc4 Rac8 16. Nf3 Rxc4 17. Qxc4 Rc8 18. Qf4 Nb4 19. Bd2 Nc2+ 20. Kd1 Qd7 21. Ne1 Qd5 22. f3 Qb3 0-1

[Event "Ljubljana op 15th"]
[Site "Ljubljana"]
[Date "2004.07.11"]
[Round "2"]
[White "Kovacevic, Blazimir"]
[Black "Raspor, Gregor"]
[Result "1-0"]
[WhiteElo "2478"]
[BlackElo "2155"]
[PlyCount "69"]
[EventDate "2004.07.10"]
[EventType "swiss"]
[EventRounds "9"]
[EventCountry "SLO"]
[SourceTitle "CBM 101 Extra"]
[Source "ChessBase"]
[SourceDate "2004.09.01"]
[SourceVersion "2"]
[SourceVersionDate "2004.09.01"]
[SourceQuality "1"]

1. Nf3 Nf6 2. c4 c5 3. Nc3 e6 4. g3 b6 5. Bg2 Bb7 6. 0-0 d6 7. e3 Nbd7 8. d4 cxd4 9. exd4 Be7 10. d5 e5 11. Nh4 a6 12. Nf5 Bf8 13. b3 Qc7 14. a4 h5 15. Qe2 g6 16. Nd4 Bg7 17. b4 0-0 18. Nc6 Rfe8 19. Ra3 Rac8 20. Qc2 Nb8 21. b5 Nbd7 22. f4 Nc5 23. f5 Kh7 24. Bg5 Rf8 25. Ne4 Nfxe4 26. Bxe4 Nxe4 27. Qxe4 Rce8 28. f6 Bh6 29. Bxh6 Kxh6 30. g4 Bc8 31. Rh3 Qd7 32. Rh4 Kg5 33. gxh5 gxh5 34. Qe3+ Kg6 35. Qg3+ 1-0

[Event "Bled op 24th"]
[Site "Bled"]
[Date "2003.07.19"]
[Round "7"]
[White "Raspor, Gregor"]
[Black "Srebrnic, Ana"]
[Result "1/2-1/2"]
[WhiteElo "2155"]
[BlackElo "2243"]
[PlyCount "45"]
[EventDate "2003.07.14"]
[EventType "swiss"]
[EventRounds "9"]
[EventCountry "SLO"]
[SourceTitle "CBM 095 Extra"]
[Source "ChessBase"]
[SourceDate "2003.09.04"]
[SourceVersion "1"]
[SourceVersionDate "2003.09.04"]
[SourceQuality "1"]

1. d4 Nf6 2. c4 g6 3. Nf3 Bg7 4. g3 0-0 5. Bg2 d6 6. 0-0 Nc6 7. Nc3 e5 8. d5 Ne7 9. e4 Nd7 10. Be3 f5 11. Ng5 Nf6 12. c5 h6 13. Ne6 Bxe6 14. dxe6 fxe4 15. cxd6 cxd6 16. Nxe4 Nxe4 17. Bxe4 d5 18. Bc5 dxe4 19. Qxd8 Rfxd8 20. Bxe7 Re8 21. Bc5 Rxe6 22. Rac1 Rc6 23. Be3 1/2-1/2

[Event "Bled op 24th"]
[Site "Bled"]
[Date "2003.07.19"]
[Round "8"]
[White "Steffens, Olaf"]
[Black "Raspor, Gregor"]
[Result "1-0"]
[WhiteElo "2255"]
[BlackElo "2155"]
[PlyCount "119"]
[EventDate "2003.07.14"]
[EventType "swiss"]
[EventRounds "9"]
[EventCountry "SLO"]
[SourceTitle "CBM 095 Extra"]
[Source "ChessBase"]
[SourceDate "2003.09.04"]
[SourceVersion "1"]
[SourceVersionDate "2003.09.04"]
[SourceQuality "1"]

1. Nc3 d5 2. e4 Nf6 3. exd5 Nxd5 4. Bc4 Nb6 5. Bb3 Nc6 6. Nf3 Bf5 7. a4 a5 8. d4 e6 9. 0-0 Be7 10. Nb5 0-0 11. Bf4 Rc8 12. c3 Re8 13. Qe2 h6 14. Rad1 Bf8 15. h3 Bh7 16. Bg3 Ne7 17. c4 Nf5 18. Bh2 c6 19. Nc3 Nd7 20. c5 Nf6 21. Rfe1 Ra8 22. g4 Ne7 23. Ne5 Ned5 24. Qf3 Be7 25. Nc4 Rf8 26. Kg2 b6 27. cxb6 Qc8 28. Nd6 Qd8 29. Nc4 Qc8 30. Qg3 Qb7 31. Rd2 Nxb6 32. Qc7 Qxc7 33. Bxc7 Nxc4 34. Bxc4 Rfc8 35. Bg3 Rd8 36. Re5 Rd7 37. Be2 Bb4 38. Rd1 Bd6 39. Re3 Bxg3 40. Kxg3 Nd5 41. Nxd5 cxd5 42. Rc1 Bg6 43. Rec3 Rb7 44. Bb5 Raa7 45. Rc8+ Kh7 46. R1c5 Re7 47. Bc6 Bd3 48. Ra8 Rxa8 49. Bxa8 Ra7 50. Bc6 g5 51. f4 gxf4+ 52. Kxf4 f6 53. Rc3 Be4 54. Rc5 Kg7 55. Bb5 Kf7 56. Rc8 Kg7 57. Ke3 Kg6 58. Rc6 Kf7 59. Kf4 Bg2 60. Ba6 1-0